000 00499nam a2200133Ia 4500
008 170221s9999 xx 000 0 und d
100 _aPromise Zvavahera
245 _aHuman capital management in Zimbabwean rural schools: A socio-economic analysis
245 _cPromise Zvavahera, National University of Science and Technology, Zimbabwe.
260 _bJournal of Management and Marketing Research
260 _c2013
650 _xBusiness
856 _uhttp://www.aabri.com/manuscripts/142060.pdf
999 _c309562
_d309562